AI and the Future of the Public Sector: The Creation of Public Sector 4.0 /

Guardado en:
Detalles Bibliográficos
Autor principal: Boobier, Tony (autor)
Formato: Libro
Idioma:Inglés
Publicado: Hoboken, EUA : Wiley, 2022, c2022
Acceso en línea:Ver documento en línea
Etiquetas: Agrega una etiqueta
Sin etiquetas, Sé el primero en etiquetar este registro!

MARC

LEADER 00000nam^a22000000a04500
001 000630816
005 20260416000000.0
009 20260416095551.476
020 |a 9781119868118 
037 |a Acervo ITESO - Biblioteca 
041 |a ING 
082 |a Libro en línea 
100 |a Boobier, Tony  |e (autor) 
245 1 0 |a AI and the Future of the Public Sector:  |b The Creation of Public Sector 4.0 / 
264 4 |a Hoboken, EUA :  |b Wiley,  |c 2022, c2022 
264 2 |a Hoboken, EUA :  |b Wiley [distribución],  |c 2025 
300 |a 1 libro electrónico en línea ( p.) 
300 |a 1 recurso en línea 
336 |a datos para computadora  |b cod  |2 rdacontenido 
337 |a computadora  |b c  |2 rdamedio 
338 |a recurso en línea  |b cr  |2 rdasoporte 
506 0 |a Licencias ilimitadas 
521 |a Wiley 2026 EEnlace Departamento de Electrónica, Sistemas e Informática 
567 |a Catalogación rápida 
649 |a XX 
856 4 0 |u https://ezproxy.iteso.mx/login?qurl=https%3A%2F%2Fieeexplore.ieee.org%2Fservlet%2Fopac%3Fbknumber%3D10950259  |y Ver documento en línea 
910 |a Fondo General 
920 |a Electrónicos - Libros en Línea 
930 |a Plataforma Digital 
905 |a 205 
902 |a https://opac.biblio.iteso.mx/vufind/Record/000630816